Estadísticas para Países más Grandes por Área A-Z

Haz click aquí para intentar la prueba.

Estadísticas generales

  • Esta prueba ha sido intentada 103 veces
  • La puntuación promedio es 18 de 23

Estadísticas de respuestas

LetraSuperficie (km²)País% Correcto
B8 515 767Brasil
99%
C9 984 670Canadá
99%
R17 098 246Rusia
99%
E9 833 517Estados Unidos
96%
A7 741 220Australia
93%
D43 094Dinamarca
93%
F551 695Francia
93%
I3 287 263India
93%
Y527 968Yemen
91%
O309 500Omán
90%
Z752 618Zambia
87%
K2 724 900Kazajistán
86%
V916 445Venezuela
81%
J377 975Japón
79%
H112 492Honduras
74%
U603 550Ucrania
71%
M1 964 375México
70%
P1 285 216Perú
69%
N1 267 000Níger
64%
L1 759 540Libia
61%
G267 667Gabón
54%
S1 861 484Sudán
54%
T947 300Tanzania
53%

Distribución de puntuación

Porcentaje por número respondido

Porcentaje de gente con cada puntuación

Historial de tus puntuaciones

No has intentado esta prueba.